| 000 | 00714cab a2200265 4500 | ||
|---|---|---|---|
| 001 | ABS53962 | ||
| 008 | 090401t1995 xxu||||| |||| 00| 0 eng d | ||
| 035 | _a(Sirsi) u7670 | ||
| 041 | _aeng | ||
| 100 | _aCatalano, A. | ||
| 245 | _aSmall problem | ||
| 260 | _c1995 | ||
| 350 | _a0 | ||
| 490 |
_aEstates Gazette _v(9547) 25 November 1995, 54(1) |
||
| 520 | _aCompares the management costs of 87 quoted property companies. Turnover and board pay figures given. | ||
| 650 | _aBOARD PAY | ||
| 650 | _aEARNINGS | ||
| 650 | _aMANAGEMENT COSTS | ||
| 650 | _aPROPERTY COMPANIES | ||
| 650 | _aQUOTED COMPANIES | ||
| 650 | _aTURNOVER | ||
| 690 | _aECONOMIC AND SOCIAL | ||
| 942 | _n0 | ||
| 948 | _c04/03/1997 | ||
| 999 |
_c4666 _d4666 |
||